|
005 -DATA I CZAS OSTATNIEJ MODYFIKACJI [,]
|
-
- @
- pole kontrolne
- 20070914110925.0
|
|
020 -Międzynarod. znormalizowany nr książki - ISBN [ , ]
|
-
- a
- Numer ISBN
- 393664912X
|
|
040 -Instytucja sporządzająca opis [ , ]
|
-
- a
- Instytucja, która sporządziła opis (NP)
- SZCZ U/JŚ
|
|
041 -Język dokumentu [ , ]
|
-
- a
- Język tekstu (P)
- polski
-
- a
- Język tekstu (P)
- czeski
-
- a
- Język tekstu (P)
- niemiecki
-
- a
- Język tekstu (P)
- słoweński
|
|
044 -Kraj miejsca wydania [ , ]
|
-
- a
- Kraj miejsca wydania
- Niemcy
|
|
942 -Rodzaj dokumentu [ , ]
|
-
- c
- Rodzaj dokumentu
- Książka
|